[Event "Mississauga Spring op"]
[Site "Mississauga"]
[Date "2019.03.24"]
[Round "5.4"]
[White "Li, William"]
[Black "Jiang, Brian"]
[Result "1-0"]
[WhiteElo "2274"]
[BlackElo "2189"]
[PlyCount "73"]
[EventDate "2019.03.23"]
[EventType "swiss"]
[EventRounds "5"]
[EventCountry "CAN"]
[SourceTitle "EXT 2022"]
[Source "ChessBase"]
[SourceDate "2021.10.06"]
[SourceVersion "1"]
[SourceVersionDate "2021.10.06"]
[SourceQuality "1"]

1. e4 c5 2. Nf3 Nc6 3. d4 cxd4 4. Nxd4 e6 5. Nc3 Qc7 6. Be2 a6 7. 0-0 Nf6 8. Be3 b5 9. Nxc6 dxc6 10. e5 Qxe5 11. Bf3 Bb7 12. Re1 Qc7 13. Ne4 Nxe4 14. Bxe4 Bd6 15. Qh5 0-0-0 16. c4 f5 17. Bf3 g6 18. Qh3 Bb4 19. Re2 Qd7 20. Bb6 g5 21. Bxd8 Rxd8 22. g4 Bd6 23. Qh6 e5 24. Rd2 fxg4 25. Be4 Qe7 26. Rad1 Bc7 27. Bf5+ Kb8 28. Rxd8+ Bxd8 29. Rd7 Qf6 30. Qxh7 Bc8 31. Rf7 Qd6 32. Bxc8 Kxc8 33. Qf5+ Kb8 34. Rd7 Qf6 35. Qh7 Bc7 36. Rxc7 Qd6 37. Rd7 1-0